• 首页
  • 本馆介绍
  • 公告通知
  • 最新文献
  • 馆藏检索
  • 电子资源
  • 读者导购
  • 参考咨询
  • 我的图书馆
  • 登录
  • 详细信息显示
  • 放入我的书架
  • 预约/预借图书
  • 作者相关作品
  • 分类相关作品
  • 丛书相关作品
  • 出版社相关作品

书目信息

  • 表格格式
  • 工作单格式
  • 卡片格式
题名:
GE管理模式
    
 
作者: 孙琦 著
分册:  
出版信息: 北京   中国人民大学出版社  2005
页数: 210页
开本: 23cm
丛书名:
单 册:
中图分类: F471.266
科图分类:
主题词: 工业企业管理
电子资源:
ISBN: 7-300-04444-1
000 00937nam0 2200277 450
000 00945nam0 2200277 450
000 00874nam0 2200253 450
000 00838nam0 2200241 45
005 20070725131241.78
010    @a7-300-04444-1@dCNY29.00
100    @a20070626d2005 em y0chiy0120 ea
101 0  @achi
102    @aCN@b110000
105    @ay z 000yy
200 1  @aGE管理模式@AGE Guan Li Mo Shi@f孙琦著@FSun Qi Zhu
210    @a北京@c中国人民大学出版社@d2005
215    @a210页@d23cm
330    @a本书是在美国通用电气公司进行长达5年的研究后,全面透彻地分析GE成功管理模式的最新著作,为中国管理者提供了学习GE、追赶GE的一种新思路。
510 1  @a Management Model of GE@zeng
601 0  @a通用电气公司@c(美国)@x工业企业管理@x经验
601 0  @a通用电气公司@c(美国)
606 0  @a工业企业管理
690    @aF471.266@v4
701  0 @a孙琦@ASun Qi@c(管理学)@4著
801  0 @aCN@bTAOJIN@c20070725
905    @a10447@dF471.266@e47
    
    GE管理模式/孙琦著.-北京:中国人民大学出版社,2005
    210页;23cm
    
    
    ISBN 7-300-04444-1:CNY29.00
    本书是在美国通用电气公司进行长达5年的研究后,全面透彻地分析GE成功管理模式的最新著作,为中国管理者提供了学习GE、追赶GE的一种新思路。
●
相关链接 在E读中查询图书 在五车中查询图书 在当当中查询图书 在豆瓣中查询图书


正题名:GE管理模式     索取号:F471.266/47         预约/预借

序号 登录号 条形码 馆藏地/架位号 状态 备注
1 0825279   208252790   第一样本阅览室/ [索取号:F471.266/47] 在馆    
2 0825280   208252807   密集书库/ [索取号:F471.266/47] 在馆    
3 0825281   208252816   密集书库/ [索取号:F471.266/47] 在馆    
4 0825282   208252825   第一借阅区/ [索取号:F471.266/47] 在馆    
5 0825283   208252834   第一借阅区/ [索取号:F471.266/47] 在馆    
6 0825284   208252843   第一借阅区/ [索取号:F471.266/47] 在馆    
7 0825285   208252852   密集书库/ [索取号:F471.266/47] 在馆    
8 0825286   208252861   第一借阅区/ [索取号:F471.266/47] 在馆    
唐山师范学院图书馆 欢迎您!
大连网信软件有限公司© 版权所有